First things first / (Record no. 592)

000 -LEADER
fixed length control field nam a22 a 4500
003 - CONTROL NUMBER IDENTIFIER
control field AKMAL
005 - DATE AND TIME OF LATEST TRANSACTION
control field 20170504121518.0
008 - FIXED-LENGTH DATA ELEMENTS--GENERAL INFORMATION
fixed length control field 170504s1994 - e 000 0 eng d
020 ## - INTERNATIONAL STANDARD BOOK NUMBER
International Standard Book Number 9780684802039 (pbk.)
020 ## - INTERNATIONAL STANDARD BOOK NUMBER
International Standard Book Number 0684802031
039 #9 - LEVEL OF BIBLIOGRAPHIC CONTROL AND CODING DETAIL [OBSOLETE]
Level of rules in bibliographic description 201005181530
Level of effort used to assign nonsubject heading access points shuhada
Level of effort used to assign subject headings 201005181431
Level of effort used to assign classification fadilah
040 ## - CATALOGING SOURCE
Original cataloging agency AKMAL
082 04 - DEWEY DECIMAL CLASSIFICATION NUMBER
Classification number 158.1 COV
Edition number 22
090 20 - LOCALLY ASSIGNED LC-TYPE CALL NUMBER (OCLC); LOCAL CALL NUMBER (RLIN)
Classification number (OCLC) (R) ; Classification number, CALL (RLIN) (NR) 158.1
Local cutter number (OCLC) ; Book number/undivided call number, CALL (RLIN) COV
100 1# - MAIN ENTRY--PERSONAL NAME
Personal name Covey, Stephen R.
9 (RLIN) 1295
245 10 - TITLE STATEMENT
Title First things first /
Statement of responsibility, etc. Stephen R. Covey, A. Roger Merrill, Rebecca R. Merrill
260 ## - PUBLICATION, DISTRIBUTION, ETC.
Place of publication, distribution, etc. New York:
Name of publisher, distributor, etc. Covey Leadership Center, Inc. ,
Date of publication, distribution, etc. c1994
300 ## - PHYSICAL DESCRIPTION
Extent 360p. :
Other physical details ill. ;
Dimensions 22cm.
504 ## - BIBLIOGRAPHY, ETC. NOTE
Bibliography, etc. note Includes bibliographical references and index
650 20 - SUBJECT ADDED ENTRY--TOPICAL TERM
Topical term or geographic name entry element Time management
9 (RLIN) 1213
650 10 - SUBJECT ADDED ENTRY--TOPICAL TERM
Topical term or geographic name entry element Conduct of life
9 (RLIN) 472
700 1# - ADDED ENTRY--PERSONAL NAME
Personal name Merrill, A. Roger
9 (RLIN) 1306
700 1# - ADDED ENTRY--PERSONAL NAME
Personal name Merrill, Rebecca R
9 (RLIN) 1307
942 ## - ADDED ENTRY ELEMENTS (KOHA)
Source of classification or shelving scheme
Koha item type Book
Holdings
Withdrawn status Lost status Source of classification or shelving scheme Damaged status Not for loan Collection code Home library Current library Shelving location Date acquired Inventory number Total Checkouts Full call number Barcode Date last seen Price effective from Koha item type
          NON-FICTION AKMAL Melaka AKMAL Melaka PINJAMAN 04.05.2017 000341   158.1 COV 201701522 04.05.2017 04.05.2017 Book
Pusat Sumber Maklumat Dato' Haji Sarmin Md Hussin, Akademi Kastam Diraja Malaysia, Melaka
Tel: 06-2331106 | Faks: 06-2313787